| 000 | 02421cam a22003498i 4500 | ||
|---|---|---|---|
| 001 | 23550315 | ||
| 003 | OSt | ||
| 005 | 20260512144338.0 | ||
| 008 | 240203s2024 enk bf 001 0 eng | ||
| 010 | _a 2023055469 | ||
| 020 |
_a9781032484709 _q(paperback) |
||
| 040 |
_aDLC _beng _erda _cDLC _dMILA_ain |
||
| 042 | _apcc | ||
| 050 | 0 | 0 |
_aP301.5.A27 _bP37 2024 |
| 100 | 1 |
_aParaskevas, Cornelia C., _eauthor. |
|
| 245 | 1 | 0 |
_aGuidebook to academic writing : _bcommunicating in the disciplines / _cCornelia C. Paraskevas and Deborah F. Rossen-Knill. |
| 263 | _a2405 | ||
| 264 | 1 |
_aAbingdon, Oxon ; _aNew York, NY : _bRoutledge, _c2024. |
|
| 300 | _avolumes cm | ||
| 336 |
_atext _btxt _2rdacontent |
||
| 337 |
_aunmediated _bn _2rdamedia |
||
| 338 |
_avolume _bnc _2rdacarrier |
||
| 504 | _aIncludes bibliographical references and index. | ||
| 505 | 0 | _aWhy and how you might want to use this handbook? -- The evolving handbook : what Is the purpose of a handbook? -- What is academic English? -- What words are typical in academic writing? -- How and why do we create longer sentences? -- How do we achieve economy? What makes academic language particularly hard? -- How and why do we add detail to nouns and verbs using words and phrases? -- How and why do we guide readers with punctuation? -- How and why do we create effective paragraphs? -- How and why do writers express their point of view, guide readers and interact with them? -- Why and how do we document our research? | |
| 520 |
_a"This innovative guidebook is an accessible and concise introduction to discipline-specific academic language. Using authentic texts written by both novice and expert writers and 'translating' current, corpus-based research of academic language into a practical guide, the book gives students the tools to navigate the linguistic features of various disciplines, emphasizing the humanities and sciences, but also discussing example texts from the social sciences"-- _cProvided by publisher. |
||
| 650 | 0 |
_aAcademic writing _vHandbooks, manuals, etc. |
|
| 650 | 0 |
_aEnglish language _xStyle _vHandbooks, manuals, etc. |
|
| 700 | 1 |
_aRossen-Knill, Deborah F., _eauthor. |
|
| 776 | 0 | 8 |
_iOnline version: _aParaskevas, Cornelia C. _tGuidebook to academic writing _dLondon ; New York, NY : Routledge, Taylor & Francis Group, 2024 _z9781003389248 _w(DLC) 2023055470 |
| 906 |
_a7 _bcbc _corignew _d1 _eecip _f20 _gy-gencatlg |
||
| 942 |
_2lcc _cBK |
||
| 999 |
_c2658 _d2658 |
||